000 00416nam a2200121Ia 4500
008 170221s9999 xx 000 0 und d
245 _aSkills Needed in the Workplace: A Comparison of the Results of Feedback from
260 _bInternational Journal of Management and Marketing Reseach
260 _c2016
300 _a15 : 17
650 _xMarketing.
856 _uhttp://www.theibfr.com/ARCHIVE/IJMMR-V9N2-2016.pdf
999 _c312265
_d312265